000 00656nam a2200205 i 4500
001 173060
003 ES-MaACL
005 20251014063250.0
008 091021s1989 fr |||| | fre d
020 _a978-2709-607-261
080 _a821.133.1-1"18"
100 1 _aHeredia, José Maria de,
_d1842-1905
_9151325
245 1 4 _aLes trophées /
_cJosé-María de Heredia.
260 _aParis :
_bJean-Claude Lattès,
_c1989.
300 _a220 p. ;
_c16 cm.
490 1 _aBibliothèque Lattès
830 0 _aBibliothèque Lattès
_9223479
852 _aES-MaACL
_jE-13043
_z. - Biblioteca Jacinto Martínez Lacalle
999 _c173060
_d173060